<?xml version="1.0" encoding="UTF-8"?><?xml-stylesheet type="text/xsl" href="static/style.xsl"?><OAI-PMH xmlns="http://www.openarchives.org/OAI/2.0/" xmlns:xsi="http://www.w3.org/2001/XMLSchema-instance" xsi:schemaLocation="http://www.openarchives.org/OAI/2.0/ http://www.openarchives.org/OAI/2.0/OAI-PMH.xsd"><responseDate>2026-06-30T01:24:23Z</responseDate><request verb="GetRecord" identifier="oai:docta.ucm.es:20.500.14352/36160" metadataPrefix="marc">https://docta.ucm.es/rest/oai/request</request><GetRecord><record><header><identifier>oai:docta.ucm.es:20.500.14352/36160</identifier><datestamp>2025-02-13T16:18:49Z</datestamp><setSpec>com_20.500.14352_14</setSpec><setSpec>col_20.500.14352_20</setSpec></header><metadata><record xmlns="http://www.loc.gov/MARC21/slim" xmlns:dcterms="http://purl.org/dc/terms/" xmlns:xsi="http://www.w3.org/2001/XMLSchema-instance" xmlns:doc="http://www.lyncode.com/xoai" xsi:schemaLocation="http://www.loc.gov/MARC21/slim http://www.loc.gov/standards/marcxml/schema/MARC21slim.xsd">
   <leader>00925njm 22002777a 4500</leader>
   <datafield ind2=" " ind1=" " tag="042">
      <subfield code="a">dc</subfield>
   </datafield>
   <datafield ind2=" " ind1=" " tag="720">
      <subfield code="a">San Román López, Elena Cristina</subfield>
      <subfield code="e">author</subfield>
   </datafield>
   <datafield ind2=" " ind1=" " tag="720">
      <subfield code="a">Blanco García, Susana</subfield>
      <subfield code="e">author</subfield>
   </datafield>
   <datafield ind2=" " ind1=" " tag="720">
      <subfield code="a">Gil López, Águeda</subfield>
      <subfield code="e">author</subfield>
   </datafield>
   <datafield ind2=" " ind1=" " tag="720">
      <subfield code="a">Pérez Jiménez, Mónica</subfield>
      <subfield code="e">author</subfield>
   </datafield>
   <datafield ind2=" " ind1=" " tag="260">
      <subfield code="c">2013</subfield>
   </datafield>
   <datafield ind2=" " ind1=" " tag="520">
      <subfield code="a">Tourism is a highly competitive sector which is characterized by permanent transformation. Therefore, tourism firms depend largely on innovation to adapt themselves and compete, ensuring their survival and competitiveness. Despite research on innovation concludes that tourism firms are in most cases only moderately innovative, there are outstanding exceptions in specific fields and destinies. Spain, which is an unquestionable leader in tourism, constitutes one of them. In fact, Spanish tourism firms have shown a strong innovation capacity. They have improved and diversified their products thus meeting the requirements of a changing demand. This raises the need to properly understand how and why innovation takes place and who is involved in such a process. This paper aims to address these questions through the case study of one of the largest Spanish hospitality firms. The long history of Iberostar Group confirms that family firms and the networks they provide, along with environments that foster competition as was the case of the Spanish tourism industry, are important determinants of innovation particularly in a late-developed country.</subfield>
   </datafield>
   <datafield ind1="8" ind2=" " tag="024">
      <subfield code="a">https://hdl.handle.net/20.500.14352/36160</subfield>
   </datafield>
   <datafield ind1="8" ind2=" " tag="024">
      <subfield code="a">http://ucbh.uu.se/ebha2013/program/detailed-program/?languageId=1</subfield>
   </datafield>
   <datafield ind2="0" ind1="0" tag="245">
      <subfield code="a">Is Spain Different? Innovation systems in the long-term development of the tourism sector. The IBEROSTAR case study.</subfield>
   </datafield>
</record></metadata></record></GetRecord></OAI-PMH>